La generación del noventa y ocho
Shranjeno v:
| Glavni avtor: | |
|---|---|
| Format: | Knjiga |
| Jezik: | španščina |
| Izdano: |
Madrid
Espasa Calpe
1975
|
| Izdaja: | 8a. ed |
| Serija: | Colección Austral, 784
|
| Teme: | |
| Oznake: |
Označite
Brez oznak, prvi označite!
|
MARC
| LEADER | 00000nam a2200000 a 4500 | ||
|---|---|---|---|
| 001 | UCX4163 | ||
| 003 | CL-VaPUC | ||
| 008 | 920319e19750000SP |||||||||||||||||spa|d | ||
| 082 | 0 | 4 | |a 860.9 |b LAI |2 21 |
| 100 | |a Laín Entralgo, Pedro |e author |9 587753 | ||
| 245 | 1 | 3 | |a La generación del noventa y ocho |
| 250 | |a 8a. ed | ||
| 300 | |a 259 p | ||
| 942 | |c BK | ||
| 945 | |d 19920319 00:00:00 | ||
| 260 | |a Madrid |b Espasa Calpe |c 1975 | ||
| 650 | 7 | |a LITERATURA ESPAÑOLA 1898- |2 CL-VaPUC |9 320293 | |
| 583 | |a last modification |c 19920319 00:00:00 |k Rodrigo Vera | ||
| 490 | 0 | |a Colección Austral, 784 | |
| 999 | |c 224713 |d 224711 | ||
| 952 | |0 0 |1 0 |4 0 |6 860_900000000000000_LAI_1975 |7 0 |8 A |9 221591 |a BIBEDU |b BIBEDU |d 2019-11-15 |i 2903946 |o 860.9 LAI 1975 |p 2903946 |r 2019-11-15 |w 2019-11-15 |y BK |k LIT | ||
| 952 | |0 0 |1 0 |4 0 |6 860_900000000000000_LAI_1975 |7 0 |8 A |9 221592 |a BIBEDU |b BIBEDU |d 2019-11-15 |i 2903970 |o 860.9 LAI 1975 |p 2903970 |r 2019-11-15 |w 2019-11-15 |y BK |k LIT | ||